[Event "RUS Cup U11 Girls final"]
[Site "Bryansk"]
[Date "2019.01.07"]
[Round "4"]
[White "Bazhenova, Anastasiya"]
[Black "Darmaeva, Nomina"]
[Result "1-0"]
[WhiteElo "1318"]
[BlackElo "1395"]
[PlyCount "71"]
[EventDate "2019.01.04"]
[EventType "tourn"]
[EventRounds "7"]
[EventCountry "RUS"]
[SourceTitle "EXT 2021"]
[Source "ChessBase"]
[SourceDate "2020.10.23"]
[SourceVersion "1"]
[SourceVersionDate "2020.10.23"]
[SourceQuality "1"]

1. e4 c5 2. Nf3 Nc6 3. d4 cxd4 4. Nxd4 Nf6 5. f3 d6 6. c4 e5 7. Nc2 Be7 8. Nc3 0-0 9. Be3 Be6 10. Be2 Nh5 11. Qd2 Nf4 12. Bxf4 exf4 13. 0-0-0 Ne5 14. Nd5 Bxd5 15. cxd5 Rc8 16. Kb1 Ng6 17. g3 Bf6 18. Rc1 a5 19. Na3 Rxc1+ 20. Rxc1 fxg3 21. hxg3 Ne5 22. f4 Nd7 23. g4 g6 24. Nc4 Qe7 25. Bf3 a4 26. Na5 g5 27. Rc7 Qd8 28. Rxb7 Qc8 29. Rb4 Qc5 30. Nc6 Qg1+ 31. Qc1 Qf2 32. fxg5 Qxf3 33. gxf6 Qd3+ 34. Qc2 Qf1+ 35. Qc1 Qd3+ 36. Ka1 1-0